000 00488nam a2200157 i 4500
001 bg
245 0 _aSpółki cywilne :
_bopłata skarbowa, odpowiedzialność wspólników, podatek obrotowy, podatek dochodowy /
_cKrystyna Chustecka [et al.].
260 _aWarszawa :
_b"SeZaM",
_c1993.
300 _a265 s., [3] k. tabl. ;
_c21 cm.
700 1 _aCHUSTECKA, Krystyna
040 _cBPK
041 _apol
080 _a347.471
942 _cKS
008 s pl f |000 0 pol
999 _c29883
_d29883
856 _uhttp://koha.tu.koszalin.pl/cgi-bin/koha/opac-detail.pl?biblionumber=29883
_yKatalog online BPK